<The> Usage of credit default swaps for risk management at government bond markets

Dlhová kríza a nárast rizika pri emisiách štátnych dlhopisov. Expanzia CDS ako hedžing rizika. Analýza mechanizmu CDS, dopady pre investorov a emitentov. Typy CDS hedžingu.

Salvato in:
Dettagli Bibliografici
Autore principale: Árendáš, Peter, 1986-
Altri autori: Chovancová, Božena, Horvát, Ján
Natura: Capitolo di libro
Lingua:inglese
Soggetti:
Tags: Aggiungi Tag
Nessun Tag, puoi essere il primo ad aggiungerne!!

MARC

LEADER 00000naa$a2200000$$$4500
001 0192942
005 20240502083447.2
041 0 |a eng 
044 |a CZ 
245 1 0 |a <The> Usage of credit default swaps for risk management at government bond markets  |c Peter Árendáš, Božena Chovancová, Ján Horváth 
520 |a Dlhová kríza a nárast rizika pri emisiách štátnych dlhopisov. Expanzia CDS ako hedžing rizika. Analýza mechanizmu CDS, dopady pre investorov a emitentov. Typy CDS hedžingu. 
610 2 0 |a riziko úverové 
610 2 0 |a hedging 
610 2 0 |a rating úverový 
610 2 0 |a ručenie 
610 2 0 |a financovanie podielové 
610 2 0 |a swap 
100 1 |a Árendáš, Peter, 1986- 
700 1 |a Chovancová, Božena 
700 1 |a Horvát, Ján